00576nam a22001457a 4500040000900000082001200009100002500021110004100046245013300087260004400220650003100264942001300295999001900308952010300327 cNUST a200 THE aNouman Ejaz 9101741 aSupervisor Dr. Taimoor Zahid9101742 aTH-SOF-2085-Catalogue of Invisibility As a Non-Functional Requirement and Its Co-Relation With Other Non-Functional Requirements aISLAMABAD:bNUST COLLEGE OF EME,c2022. aMS-COMPUTER ENGINEERING-18 2ddccTHE c592098d592098 00102ddc4070aCEMEbCEMEcREFd2022-10-31l0o200 THEpTH-SOF-2085r2022-10-31w2022-10-31yREF